000 00928nam0a2200301 4500
001 RU\NLR\BIBL_A\012596989
005 20250624081742.0
010 _92000
035 _a(NLR Aleph) 012596989
090 _a13305300
_c13305300
100 _a20210916d1964 |||y0rusy50 ca
101 0 _akir
102 _aKG
105 _aa z 000yy
181 0 _ai
_baxxe
182 0 _an
200 1 _aАрзан жана арбын сүт
_fС. Сулейманов
203 _aТекст
_bвизуальный
_cнепосредственный
210 _aФрунзе
_cКыргызстан
_d1964
215 _a22,[2] c.
_cил.
_d20
225 1 _aМалчынын китепканачасы
541 1 _aЗа высокий надой молока
_zrus
686 1 _aП56.60
700 1 _aСулейманов
_bС.
_gСольпу
_4070
852 _aNLR
_bОНЛ
_jКирг./2-3999
942 _cBOOK
980 _aNB